000 03436nam0a2200493 4500
001 RU\NLR\BIBL_A\011695079
005 20190524140058.0
010 _a978-5-4437-0602-3
_9100
021 _aRU
_bКН-П-18-023515
_9КН-П-18-1709
035 _a(NLR Aleph) 011695079
035 _a(RuMoRGB)009587795
090 _a11359532
_c11359532
100 _a20180508d2017 k y0rusy50 ca
101 0 _arus
102 _aRU
105 _aa z 000zy
200 1 _aПрименение биотехнологии для переработки липидов растительного происхождения в ценные продукты и их влияние на здоровье человека
_eмонография
_f[К. Н. Сорокина, канд. биол. наук, доцент, Ю. В. Самойлова, А. В. Пилигаев и др.]
_gпод общей редакцией В. Н. Пармона
_gМинистерство образования и науки РФ, Новосибирский государственный университет, Институт медицины и психологии, Факультет естественных наук [и др.]
210 _aНовосибирск
_cИздательско-полиграфический центр НГУ
_d2017
215 _a153 с.
_cил., табл., цв. ил.
_d21
300 _aЗагл. корешка: Применение биотехнологии для переработки липидов растительного происхождения
300 _aАвт. указаны на обороте тит. л. и на 3-й с.
320 _aБиблиогр.: с. 123-153 (267 назв.)
516 1 _aПрименение биотехнологии для переработки липидов растительного происхождения
606 1 _aБиотопливо
_xТоксичность
_92370110
_3RU\NLR\AUTH\6601636510
606 1 _aБиодизельное топливо
_xПроизводство из растительных масел
_92349041
_3RU\NLR\AUTH\6601626619
606 1 _aЖиры и масла
_xПереэтерификация
_91115024
_3RU\NLR\AUTH\66440956
606 1 _aБиотехнология
_xБиокаталитические процессы
_92612813
_3RU\NLR\AUTH\661549371
610 0 _aферментативный биокатализ
610 0 _aферментативная переэтерификация липидов
610 0 _aбиодизельное топливо
686 1 _aР284.5
686 1 _aЛ534
686 1 _aЛ782.34
701 1 _7ca
_8rus
_aСорокина
_bК. Н.
_cканд. биол. наук
_gКсения Николаевна
_9190183
_3RU\NLR\AUTH\770190234
701 1 _aСамойлова
_bЮ. В.
_gЮлия Валерьевна
701 1 _aПилигаев
_bА. В.
_gАлександр Васильевич
702 1 _4340
_7ca
_8rus
_aПармон
_bВ. Н.
_f1948-
_gВалентин Николаевич
_9144573
_3RU\NLR\AUTH\770144609
712 0 2 _4570
_aНовосибирский государственный университет
_bИнститут медицины и психологии
_9594901
_3RU\NLR\AUTH\880466407
942 _cBOOK
980 _aNBR
980 _aNB